000 00281nam a22001337a 4500
008 181107b xxu||||| |||| 00| 0 eng d
020 _a053403360
041 _aeng
080 _a101
100 _a24
101 _aFIL
245 _aMoral Dilemmas
_cPurtill,R.L
942 _2udc
_cBK
999 _c52076
_d52076